| 000 | 01401nam a2200409 c 4500 | ||
|---|---|---|---|
| 001 | 16643 | ||
| 003 | ES-MaCES | ||
| 005 | 20190511040031.0 | ||
| 008 | 040706s2003 sp t 000 | spa d | ||
| 017 |
_aZ 1438-2003 _bDL |
||
| 035 | _aCES20040009098m | ||
| 040 |
_aES-MaCES _bspa _cES-MaCES |
||
| 245 | 0 | 0 |
_aAnuario internacional CIDOB 2002 _b: claves para interpretar la política exterior española y las relaciones internacionales en 2002 _c[coordinación, Anna Borrull, Carmen Claudín] |
| 250 | _a[Ed. 2003] | ||
| 260 |
_aBarcelona _bFundació CIDOB _c[2003] |
||
| 300 |
_a549 p. _c27 cm |
||
| 541 | _cCompra | ||
| 650 | 4 |
_arelaciones internacionales _926675 |
|
| 650 | 4 |
_arelaciones económicas _926673 |
|
| 650 | 4 |
_acooperación internacional _926635 |
|
| 650 | 4 |
_aayuda al desarrollo _926634 |
|
| 650 | 4 |
_apolítica exterior _926687 |
|
| 650 | 4 |
_aEspaña _926964 |
|
| 650 | 4 |
_apapel de España _929138 |
|
| 650 | 4 |
_aanuario _928963 |
|
| 653 | 1 | 0 | _aCiencias Sociales-Políticas |
| 650 | 4 |
_926752 _aUE |
|
| 650 | 4 |
_a2002 _936519 |
|
| 700 | 1 |
_aBorrull, Anna _ecol. _98126 |
|
| 700 | 1 |
_aClaudín, Carmen _ecol. _99692 |
|
| 787 | 0 |
_tAnuario internacional CIDOB 2003 _w(ES-MaCES)17062 |
|
| 787 | 0 |
_tAnuario internacional CIDOB 1996 _w(ES-MaCES)10775 |
|
| 710 | 2 |
_91819 _aCIDOB |
|
| 902 | _aLIB Libro | ||
| 942 |
_2CES _cBK _h7.0. |
||
| 999 |
_c16643 _d16643 |
||